jamie at home : (Record no. 187128)
[ view plain ]
| 000 -LEADER | |
|---|---|
| fixed length control field | 01255nam a2200313 i 4500 |
| 003 - CONTROL NUMBER IDENTIFIER | |
| control field | OSt |
| 005 - DATE AND TIME OF LATEST TRANSACTION | |
| control field | 20220120131424.0 |
| 008 - FIXED-LENGTH DATA ELEMENTS--GENERAL INFORMATION | |
| fixed length control field | 220120s2007 enkao e 001 0 eng d |
| 020 ## - INTERNATIONAL STANDARD BOOK NUMBER | |
| International Standard Book Number | 9780718152437 |
| Terms of availability | RM174.00 |
| Qualifying information | hardback |
| 040 ## - CATALOGING SOURCE | |
| Original cataloging agency | PPAK |
| Language of cataloging | eng |
| Transcribing agency | PPAK |
| Description conventions | rda |
| 082 04 - DEWEY DECIMAL CLASSIFICATION NUMBER | |
| Edition number | 23 |
| Classification number | 641.5 |
| 090 00 - LOCALLY ASSIGNED LC-TYPE CALL NUMBER (OCLC); LOCAL CALL NUMBER (RLIN) | |
| Classification number (OCLC) (R) ; Classification number, CALL (RLIN) (NR) | 641.5 |
| Feature heading | OLI |
| Feature heading | R |
| 100 1# - MAIN ENTRY--PERSONAL NAME | |
| Personal name | Oliver, Jamie, |
| Dates associated with a name | 1975- |
| Relator term | author. |
| 245 10 - TITLE STATEMENT | |
| Title | jamie at home : |
| Remainder of title | Cook Your Way to the Good Life / |
| Statement of responsibility, etc. | Jamie Oliver ; Photography by David Loftus ; Illustrations by The Plant. |
| 264 #1 - PRODUCTION, PUBLICATION, DISTRIBUTION, MANUFACTURE, AND COPYRIGHT NOTICE | |
| Place of production, publication, distribution, manufacture | London ; New York : |
| Name of producer, publisher, distributor, manufacturer | Michael Joseph, |
| Date of production, publication, distribution, manufacture, or copyright notice | 2007. |
| 300 ## - PHYSICAL DESCRIPTION | |
| Extent | 407 pages : |
| Other physical details | colour photographs ; |
| Dimensions | 25 cm. |
| 336 ## - CONTENT TYPE | |
| Source | rdacontent |
| Content type term | text |
| 337 ## - MEDIA TYPE | |
| Source | rdamedia |
| Media type term | unmediated |
| 338 ## - CARRIER TYPE | |
| Source | rdacarrier |
| Carrier type term | volume |
| 500 ## - GENERAL NOTE | |
| General note | Includes index.<br/> |
| 504 ## - BIBLIOGRAPHY, ETC. NOTE | |
| Field link and sequence number | Includes web resources. |
| 520 ## - SUMMARY, ETC. | |
| Summary, etc. | Simple cooking with great flavours all year round. This book includes over 100 recipes, as well as some basic planting information and tips if you fancy having a go at getting your hands dirty as well. |
| 586 ## - AWARDS NOTE | |
| Awards note | Winner of Richard and Judy Christmas Read.<br/> |
| Awards note | Winner of Gourmand World Cookbook Award. |
| 650 10 - SUBJECT ADDED ENTRY--TOPICAL TERM | |
| Topical term or geographic name entry element | Cooking. |
| 700 1# - ADDED ENTRY--PERSONAL NAME | |
| Personal name | Loftus, David, |
| Relator term | photographer. |
| 710 2# - ADDED ENTRY--CORPORATE NAME | |
| Corporate name or jurisdiction name as entry element | The Plant, |
| Relator term | illustrator. |
| 942 ## - ADDED ENTRY ELEMENTS (KOHA) | |
| Source of classification or shelving scheme | Dewey Decimal Classification |
| Koha item type | Book |
| Withdrawn | Not for loan | Current library | Shelving location | Date acquired | Full call number | Barcode | Date last seen | Koha item type |
|---|---|---|---|---|---|---|---|---|
| Not For Loan | Perpustakaan Alor Setar | Rujukan Dewasa | 06/02/2022 | R 641.5 OLI | A01722556 | 06/02/2022 | Book | |
| Not For Loan | Perpustakaan Awam Sungai Petani | Rujukan Dewasa | 06/02/2022 | R 641.5 OLI | A01722557 | 06/02/2022 | Book | |
| Not For Loan | Perpustakaan Kulim | Rujukan Dewasa | 06/02/2022 | R 641.5 OLI | A01722558 | 06/02/2022 | Book |